| 000 | 00479nam a22001817a 4500 | ||
|---|---|---|---|
| 080 | _a340.12 V 711 | ||
| 100 | _aVilley, Michel | ||
| 245 | _aEl Derecho. Perpectiva griega, judìa y cristiana | ||
| 260 |
_aBuenos Aires _bGhersi _c1978 |
||
| 300 | _a190 P. | ||
| 490 | _aPequeña Biblioteca de Filosofìa del Derecho | ||
| 650 | _xfilosofìa del derecho | ||
| 650 | _xSanto Tomàs | ||
| 650 | _xSan Agustìn | ||
| 650 | _xderecho | ||
| 945 |
_acd _d2015-08-21 |
||
| 999 |
_c4115 _d234619 |
||
| 942 | _6_ | ||